Serie A 2021-22 Top Scorers - Statistics

General Stats
  • This quiz has been taken 44 times
  • The average score is 20 of 26
Answer Stats
Ranking Goals Scored Nationality Club Name % Correct
1 27 Lazio Ciro Immobile
100%
3 21 Inter Lautaro Martínez
100%
10 Juventus Paulo Dybala
100%
2 24 Fiorentina / Juventus Dusan Vlahovic
98%
11 10 Atalanta Duván Zapata
98%
13 Inter Edin Dzeko
98%
11 Milan Olivier Giroud
98%
11 Milan Rafael Leão
98%
17 Roma Tammy Abraham
98%
14 Napoli Victor Osimhen
98%
6 15 Sassuolo Domenico Berardi
95%
7 14 Bologna Marko Arnautovic
93%
11 Napoli Dries Mertens
90%
11 Lazio Sergej Milinkovic-Savic
85%
13 Udinese Gerard Deulofeu
83%
11 Napoli Lorenzo Insigne
78%
4 17 Verona Giovanni Simeone
75%
13 Cagliari João Pedro
75%
11 Udinese Beto
70%
11 Sampdoria Francesco Caputo
65%
5 16 Sassuolo Gianluca Scamacca
65%
10 11 Verona Antonín Barák
63%
10 Sassuolo Giacomo Raspadori
50%
8 13 Empoli Andrea Pinamonti
33%
10 Salernitana Federico Bonazzoli
23%
9 12 Verona Gianluca Caprari
20%
No matching quizzes found
Score Distribution
Percent of People with Each Score
Percentile by Number Answered
Your Score History
You have not taken this quiz